| 000 | 00573nam a2200169 i 4500 | ||
|---|---|---|---|
| 001 | 23766 | ||
| 003 | ES-MaACL | ||
| 005 | 20230906152930.0 | ||
| 007 | t| | ||
| 008 | 021212s1968 sp ||||1| spa d | ||
| 100 | 1 |
_aAnderson, Kenneth. _921454 |
|
| 245 | 1 | 0 |
_aEsto esla jungla _b: nuevos relatos sobre los devoradores de hombres / _cKenneth Anderson ; [traducción de Mª Teresa Miró Costart]. |
| 260 |
_aBarcelona : _bJuventud, _c[1968] |
||
| 300 |
_a191 p., 8 lám. ; _c20 cm. |
||
| 700 | 1 |
_aMiró Costart, María Teresa. _981615 |
|
| 852 |
_aES-MaACL _jC-47425 _bR.66481 |
||
| 999 |
_c23766 _d23766 |
||